00566nam a2200169Ia 450000500170000000800410001702000150005808200130007310000270008624500690011326000450018230000180022750000350024594200060028095200950028699900150038120241220064444.0240331s9999 xx 000 0 und d a9558095826 bGOOa828 aGoonetilleke, D.C.R.A. 0aSri Lankan englishliterature and the Sri Lankan people 1917-2003 aColombobVijitha Yapa Publicationsc2005 avii, 318 p ., aSri Lanka's English Literature cL 001040708LaWERCLbWERCLcSSCd2024-03-31l0o 828 GOOp1906r2024-03-31w2024-03-31yL c3362d3362